000 00347nam a22001337a 4500
008 230815b |||||||| |||| 00| 0 eng d
020 _a978-1783590834
050 _aBR121
_b.S76 2003
100 _aScott, John
245 _aWhy i am christian/by
_cJohn Scott
260 _aEngland
_bInter-Varsity press
_c2003
300 _a149p.
942 _2lcc
_cBK
999 _c20234
_d20233